| 000 | 04298nam a2200397 i 4500 | ||
|---|---|---|---|
| 001 | 000011741 | ||
| 003 | DO-SdBNP | ||
| 005 | 20250624095821.0 | ||
| 007 | ta | ||
| 008 | 091027t1998 dr 001 j spa d | ||
| 040 |
_aDO-SdBNP _bspa _cBNPHU _erda |
||
| 082 | 4 |
_aRD863.4408 _bA634c, 1998 _222 |
|
| 245 | 0 | 0 |
_aAntología del cuento psicológico / _ccompilación, correción y notas, Domingo Hernández Contreras ; prólogo, Antonio Zaglul Elmúdesi, Josefina Záiter de Zaglul. |
| 250 | _a2a. ed. | ||
| 264 |
_aSanto Domingo : _bUniversitaria, _c1998. |
||
| 300 |
_axxii, 414 páginas ; _c22 cm. |
||
| 336 |
_2rdacontent _atexto _btxt |
||
| 337 |
_2rdamedia _asin mediación _bn |
||
| 338 |
_2rdacarrier _avolumen _bnc |
||
| 490 |
_aPublicaciones Universidad Autónoma de Santo Domingo _v844 |
||
| 490 |
_aLiteratura y Sociedad _v20 |
||
| 500 | _aIncluye datos biográficos del autor en la contraportada | ||
| 500 | _aIncluye referencias bibliográficas y notas al pie de las páginas | ||
| 505 | 0 | _aPrólogo -- Prefacio a la segunda edición -- Introducción -- Escritores precursores del cuento psicológico : Fabio Fiallo / Ernesto de Anquises -- Manuel Antonio Patín Maceo / El sofá -- Renato de Soto / Antojo femenino -- José Ramón López / El loco -- Manuel F. Cestero / La verdad es amarga como el Aloe -- Escritores de transición del cuento psicológico : Carmen Stengre / El ciempies -- Abigaíl Fernández Mejía / El abúlico -- Ramón Marero Aristy / Una razón -- Carmen Lara Fernández / El ladrón -- Ángel A. Hernández Acosta / Mi amigo Pedro -- Juan A. Vicioso V. / Ironías del destino -- Enrique Cotubanama Henríquez / El pájaro -- José Mariano Sanz Lajara / Los pasos venían detrás -- Sócrates Nolasco / Don Sebastián se entusiasma -- Freddy Miller Otero / El lago de los patos -- Tomás Hernández Franco / El presidente -- Lorenzo Justiniano Bobea / Contrariado -- Manuel de Jesús Troncoso de la Concha / Una decepción -- Miguel Ángel Jiménez / Honor trinitario. | |
| 505 | 0 | _aEscritores contemporáneos del cuento psicológico : Arturo Rodríguez Fernández / El final de los héroes -- Virgilio Díaz Grullón / Edipo -- René del Risco Bermúdez / El cuarto -- José Rijo / Chito -- Armando Almánzar Rodríguez / Infancia feliz -- Efrain Castillo / Pequeña historia de un honor -- José Alcántara Almánzar / La obsesión de Eva -- Ricardo Rivera Aybar / Inocencia regresó para quedarse -- Otto Oscar Milaneses / Avenida soledad y noche de callejas -- Virgilio Díaz Ordones / Aquel hospital -- Bonaparte Gautreaux Pieyro / Esa maldita fila -- Pedro Peix / Pormenores de una servidumbre -- Iván García / Vivir es buena razón -- José Enrique García / Oficio de ocioso -- Margarita Vallejo / Día de reyes -- Juan Bosch / El algarrobo -- José Fco. Del Rosario Sánchez / Círculo de absalón -- Ramón Lacay Polanco / El hijo -- Ángel Rafael Lamarche / Pero él era así -- Santiago Estrella Veloz / Un idiota -- Luis Martín Gómez / Ana la princesa -- Virgilio Hoepelman / El perro del hortelano -- Mary Rosa Jiménez /Tan sólo unos lirios -- Hilma Contreras / El cumpleaños de Vitalina -- Ángela Hernández / Paradoja en los andenes -- José Ulises Franco / La tragedia de un hombre celoso -- Néstor Caro / Un hombre de la calle -- Ramón Francisco / La moneda gastada -- Miguel Alfonseca / El hombre que cruza la esquina -- Daniel Baruc Espinal / Víspera de la víspera -- Marcio Veloz Maggiolo /La fértil agonía del amor -- Roberto Marcalle Abreu / El minúsculo infierno del señor Lucas -- Pedro Vergés / Intuición femenina -- Diógenes Valdez / Todo puede suceder un día -- Cuento huésped -- Fernando Sánchez Martínez / El gran pecado -- índice de autores -- Bibliografía -- índice general. | |
| 590 | _aInventariado, 2019/VM | ||
| 650 | 4 |
_aCuentos dominicanos _xColecciones _9503 |
|
| 650 | 0 |
_aLiteratura dominicana. _967 |
|
| 650 | 4 |
_aPsicologia en la literatura _922123 |
|
| 651 | 4 |
_aRepública Dominicana _xAntologías Literarias _922124 |
|
| 700 | 1 |
_aHernández Contreras, Domingo, _d1963- _ecompilador _922125 |
|
| 700 | 1 |
_aZaglul, Antonio, _d1920-1996 _eprólogo _969657 |
|
| 700 | 1 |
_aZátier de Zaglul, Josefina, _eprólogo _927797 |
|
| 910 | _aValidado. Control de calidad MMOLINA | ||
| 942 |
_2ddc _cLBS1 |
||
| 999 |
_c11416 _d11416 |
||